00429nam a2200133 a 450000100080000000500110000800800410001910000240006024501050008426000270018930000160021649000500023265000130028219606022013-06-26 1969 bl uuuu 00u1 u #d1 aRENSBURG, H. J. van aManagement and utilization of pastures east Africabpart I Kenia: part II Tanzania: part III Uganda. aRome: FAO, 1969.c1969 a118 p.cil. a(FAO. Pasture and fodder crop studies, n. 3). aPastagem